000 00411nam a2200169Ia 4500
005 20250603144924.0
008 250603s9999 xx 000 0 und d
020 _a0- 13- 101605- 9
050 _aQA 76.9.S88 .V345/
100 _aJoseph S. Valacich
245 0 _aEssentials of systems analysis and design
250 _a2nd
260 _bPrentice- Hall
260 _c2004
300 _a460 p
942 _cBK
999 _c40350
_d40350